Bytový dom

Salvato in:
Dettagli Bibliografici
Autore principale: Izsófová, Estera (Autore)
Altri autori: Jakeš, Erik (Relatore della tesi)
Natura: Manoscritto Libro
Lingua:slovacco
Pubblicazione: 2017
Soggetti:
Accesso online:http://is.stuba.sk/zp/portal_zp.pl?podrobnosti=109194
https://opac.crzp.sk/?fn=detailBiblioForm&sid=3D579E6F99510E20DABC47D0A384
Tags: Aggiungi Tag
Nessun Tag, puoi essere il primo ad aggiungerne!!

MARC

LEADER 00000ntm a22000003a 4500
001 stuzp63081
003 SK-STU
005 20230531114751.4
007 ta
008 150427s2015----xo-----f-mn---000-0-slo-d
040 |a STU  |b slo 
041 0 |a slo 
100 1 |a Izsófová, Estera  |u 010180  |4 aut  |U SvF Stavebná fakulta  |T SvF Katedra konštrukcií pozemných stavieb  |X 63548  |U V180  |Y 18  |7 63548 
242 0 1 |a Apartment House  |y eng 
245 1 0 |a Bytový dom 
260 |c 2017 
650 4 |a Bytový dom  |2 slo 
650 4 |a Terasy  |2 slo 
650 4 |a Chodbový bytový dom  |2 slo 
650 4 |a terraces  |2 eng 
650 4 |a Apartment house  |2 eng 
650 4 |a parking  |2 eng 
700 1 |a Jakeš, Erik  |u 010180  |k Z1  |4 ths  |U SvF Stavebná fakulta  |T SvF Katedra konštrukcií pozemných stavieb  |X 2701  |U V180  |Y 18  |7 A000002701 
856 4 |u http://is.stuba.sk/zp/portal_zp.pl?podrobnosti=109194 
856 4 |u https://opac.crzp.sk/?fn=detailBiblioForm&sid=3D579E6F99510E20DABC47D0A384